Story of the Indian post office (Record no. 498695)

000 -LEADER
fixed length control field 00392cam a22001217a 4500
008 - FIXED-LENGTH DATA ELEMENTS--GENERAL INFORMATION
fixed length control field 180718b1954 xxu||||| |||| 00| 0 eng d
082 ## - DEWEY DECIMAL CLASSIFICATION NUMBER
Classification number W71x54 In2s
245 ## - TITLE STATEMENT
Title Story of the Indian post office
Statement of responsibility, etc. edited by Mulk Raj Anand
260 ## - PUBLICATION, DISTRIBUTION, ETC.
Place of publication, distribution, etc. Delhi
Name of publisher, distributor, etc. Indian Posts & Telegraphs Department
Date of publication, distribution, etc. 1954
300 ## - PHYSICAL DESCRIPTION
Extent 198+p.
700 ## - ADDED ENTRY--PERSONAL NAME
Personal name India. Indian Posts & Telegraphs Department
700 ## - ADDED ENTRY--PERSONAL NAME
Personal name Anand, Mulk Raj
Holdings
Withdrawn status Lost status Damaged status Not for loan Permanent Location Current Location Date acquired Full call number Barcode Date last seen Price effective from Koha item type
        Indian Institute of Public Administration Indian Institute of Public Administration 2018-08-04 W71x54 In2s G5245 2018-08-04 2018-08-04 G

Powered by Koha